00675 2200241 4500001002100000005001700021008004100038035002400079082001000103090001700113100002300130245009900153250001200252260004200264300002500306650001400331700002300345700001400368850001500382980001500397985000600412999001500418YOGYA-0209000003608620090227025102.0 ind  0010-020900000036086 a658.8 a658.8bSta T aStanton, William J aTaktik dan strategi pemasarancWilliam J. Stanton, Richard H. Buskirk ; alih bahasa, D.H. Gulo aCet. 15 aJakartabANS Sungguh Bersaudarac1980 a344 hlmbilusc21 cm aPemasaran aBuskirk, Richard H aGulo, D.H aYOPDYOG(B) a10-31-2006 a1 aP000012554